00690nai a2200169Ia 4500003000900000008004100009022002300050040001600073245005500089260008600144310001300230362002400243521006900267650004500336650004600381856009300427IN-BaIIA211028c9999 xx s 000 0 eng d a2644-1314 (Online) cIIA Library 0aIEEE Open Journal of Power Electronicsh[eJournal] aNew York, USAbThe Institute of Electrical and Electronics Engineers, Inc. (IEEE) aAnnually a1(); 2020 - Present bSubscribed through National Knowledge Resource Consortium (NKRC) a Power, Energy and Industry Applications aComponents, Circuits, Devices and Systems uhttps://ieeexplore.ieee.org/servlet/opac?punumber=8782709yClick Here to Access eJournal